000 00425cam a2200169ua 4500
020 _c11.20
041 _aeng
_h
082 _a540
_bCAR/LE
100 _aCarlin, John J .
245 _aLearn chemistry: The easy way /
_cJohn J Carlin.
_hTextual Documents
260 _aNew York :
_bCambridge Publishers Inc. ,
_c1960.
300 _a410 ; .
365 _a11.20
504 _a
942 _cBK
999 _c10733
_d10733